000 00834nam a2200265 a 4500
008
020 _a9780128014608 (paperback)
040 _aNUST
_cNUST
049 _aMAIN
090 _aQA76.9
_bKOT
100 1 _aKotu, Vijay.
245 1 0 _aPredictive analytics and data mining:
_bconcepts and practice with rapid miner /
_cKotu Vijay and Deshpande Bala
260 _aUnited States :
_bElsevier,
_c2015
300 _axix, 425 pages :
_billustrations ;
_c25 cm
336 _atext
_btxt
_2rdacontent
337 _aunmediated
_bn
_2rdamedia
338 _avolume
_bnc
_2rdacarrier
500 _aIncludes index.
650 1 _aData Mining
700 _aDeshpande, Bala.
907 _a.b10406402
_b22-07-21
_c08-07-21
003
005 20230120144503.0
942 _cBOOKS
_kQA76.9
_mKOT
999 _c97727
_d97727